[Event "World Chess Olympiad 2018"]
[Site "Batumi"]
[Date "2018.09.27"]
[Round "4"]
[Board "3"]
[WhiteFideId "9301143"]
[White "Sultan Ibrahim"]
[BlackFideId "5114241"]
[Black "Tello Chavez Isaac Valent"]
[Result "1-0"]
[LiveChessVersion "1.4.8"]
[BlackElo "2319"]
[WhiteElo "2112"]

1. d4 {[%clk 1:30:56]} d5 {[%clk 1:30:43]} 2. c4 {[%clk 1:31:20]} c6
{[%clk 1:31:02]} 3. cxd5 {[%clk 1:31:46]} cxd5 {[%clk 1:31:21]} 4. Nc3
{[%clk 1:32:11]} Nf6 {[%clk 1:31:05]} 5. Bf4 {[%clk 1:32:35]} a6 {[%clk 1:31:23]}
6. e3 {[%clk 1:33:01]} Nc6 {[%clk 1:31:38]} 7. Bd3 {[%clk 1:33:25]} e6
{[%clk 1:26:12]} 8. Nf3 {[%clk 1:33:47]} Bd6 {[%clk 1:26:31]} 9. O-O
{[%clk 1:28:51]} O-O {[%clk 1:23:22]} 10. Rc1 {[%clk 1:20:45]} Re8
{[%clk 1:12:11]} 11. Bxd6 {[%clk 0:56:17]} Qxd6 {[%clk 1:12:33]} 12. e4
{[%clk 0:56:36]} dxe4 {[%clk 1:07:12]} 13. Nxe4 {[%clk 0:56:59]} Qe7
{[%clk 1:05:47]} 14. Ne5 {[%clk 0:54:23]} Rd8 {[%clk 0:49:35]} 15. Rxc6
{[%clk 0:47:10]} Nxe4 {[%clk 0:34:30]} 16. Rxc8 {[%clk 0:40:10]} Raxc8
{[%clk 0:34:50]} 17. Bxe4 {[%clk 0:40:34]} Rc7 {[%clk 0:32:52]} 18. Nf3
{[%clk 0:36:53]} b5 {[%clk 0:30:05]} 19. Qe2 {[%clk 0:36:30]} Qb4
{[%clk 0:27:53]} 20. Rd1 {[%clk 0:34:55]} Qc4 {[%clk 0:25:17]} 21. Qxc4
{[%clk 0:31:32]} Rxc4 {[%clk 0:25:28]} 22. a3 {[%clk 0:30:00]} h6
{[%clk 0:22:40]} 23. Kf1 {[%clk 0:29:57]} g5 {[%clk 0:21:42]} 24. Bd3
{[%clk 0:29:59]} Rc6 {[%clk 0:20:55]} 25. h3 {[%clk 0:29:38]} f6 {[%clk 0:20:12]}
26. Ke2 {[%clk 0:29:13]} Kf7 {[%clk 0:20:16]} 27. Ke3 {[%clk 0:29:02]} Ke7
{[%clk 0:14:36]} 28. Bb1 {[%clk 0:23:24]} b4 {[%clk 0:06:56]} 29. axb4
{[%clk 0:17:02]} Rb6 {[%clk 0:06:28]} 30. Bc2 {[%clk 0:16:40]} Rxb4
{[%clk 0:05:52]} 31. b3 {[%clk 0:17:04]} Rc8 {[%clk 0:05:47]} 32. Kd3
{[%clk 0:17:19]} Rd8 {[%clk 0:04:11]} 33. Ra1 {[%clk 0:16:24]} Rb6
{[%clk 0:04:22]} 34. Kc3 {[%clk 0:13:08]} h5 {[%clk 0:03:48]} 35. Ra4
{[%clk 0:11:36]} Rc6+ {[%clk 0:02:15]} 36. Kb2 {[%clk 0:02:04]} g4
{[%clk 0:02:06]} 37. hxg4 {[%clk 0:01:31]} hxg4 {[%clk 0:02:34]} 38. Ng1
{[%clk 0:01:15]} Rdc8 {[%clk 0:01:31]} 39. Bd3 {[%clk 0:01:27]} Rc1
{[%clk 0:01:47]} 40. Ne2 {[%clk 0:31:50]} Rf1 {[%clk 0:31:56]} 41. Rxa6
{[%clk 0:27:36]} Rxf2 {[%clk 0:31:55]} 42. g3 {[%clk 0:26:50]} Rf3
{[%clk 0:23:42]} 43. Bb5 {[%clk 0:27:12]} f5 {[%clk 0:22:19]} 44. Nf4
{[%clk 0:19:50]} Rxg3 {[%clk 0:20:14]} 45. Rxe6+ {[%clk 0:20:16]} Kf7
{[%clk 0:12:32]} 46. Re5 {[%clk 0:20:41]} Rf3 {[%clk 0:12:26]} 47. Rxf5+
{[%clk 0:20:57]} Ke7 {[%clk 0:11:26]} 48. Re5+ {[%clk 0:15:45]} Kf6
{[%clk 0:11:08]} 49. Nh5+ {[%clk 0:09:42]} Kg6 {[%clk 0:10:50]} 50. Be2
{[%clk 0:10:06]} Rf2 {[%clk 0:08:52]} 51. Ka3 {[%clk 0:10:32]} Ra8+
{[%clk 0:06:17]} 52. Kb4 {[%clk 0:10:59]} Rb8+ {[%clk 0:06:38]} 53. Kc4
{[%clk 0:11:14]} Rc8+ {[%clk 0:06:28]} 54. Kd3 {[%clk 0:11:17]} Rb8
{[%clk 0:06:12]} 55. Ke3 {[%clk 0:08:20]} Rh2 {[%clk 0:05:09]} 56. Nf4+
{[%clk 0:08:45]} Kf6 {[%clk 0:04:54]} 57. Bxg4 {[%clk 0:08:17]} Rxb3+
{[%clk 0:05:17]} 58. Ke4 {[%clk 0:08:34]} Rd2 {[%clk 0:03:49]} 59. Rf5+
{[%clk 0:07:37]} Ke7 {[%clk 0:03:25]} 60. Nd5+ {[%clk 0:07:45]} Ke8
{[%clk 0:03:34]} 61. Bh5+ {[%clk 0:06:02]} Kd7 {[%clk 0:03:31]} 62. Ke5
{[%clk 0:05:08]} Rb1 {[%clk 0:04:00]} 63. Rf7+ {[%clk 0:05:28]} Kc6
{[%clk 0:04:12]} 64. Rc7+ {[%clk 0:05:49]} 1-0

[Event "World Chess Olympiad 2018"]
[Site "Batumi"]
[Date "2018.09.27"]
[Round "4"]
[Board "4"]
[WhiteFideId "5110491"]
[White "Garcia Almaguer Juan Manuel"]
[BlackFideId "9312331"]
[Black "Ammar Sedrani"]
[Result "1-0"]
[LiveChessVersion "1.4.8"]
[BlackElo "2099"]
[WhiteElo "2229"]

1. d4 {[%clk 1:30:48]} d5 {[%clk 1:30:52]} 2. Nf3 {[%clk 1:31:07]} Bf5
{[%clk 1:31:11]} 3. Bf4 {[%clk 1:30:04]} e6 {[%clk 1:31:27]} 4. e3
{[%clk 1:30:20]} Bd6 {[%clk 1:31:08]} 5. Bb5+ {[%clk 1:28:12]} c6
{[%clk 1:30:36]} 6. Bd3 {[%clk 1:27:52]} Nf6 {[%clk 1:30:43]} 7. Nc3
{[%clk 1:25:05]} O-O {[%clk 1:27:25]} 8. O-O {[%clk 1:22:07]} Qe7
{[%clk 1:26:18]} 9. Bxd6 {[%clk 1:20:38]} Qxd6 {[%clk 1:26:39]} 10. Re1
{[%clk 1:21:00]} Nbd7 {[%clk 1:26:20]} 11. e4 {[%clk 1:20:45]} dxe4
{[%clk 1:26:35]} 12. Nxe4 {[%clk 1:13:52]} Nxe4 {[%clk 1:26:49]} 13. Bxe4
{[%clk 1:14:15]} Bxe4 {[%clk 1:27:07]} 14. Rxe4 {[%clk 1:14:33]} Rfd8
{[%clk 1:26:28]} 15. Qd3 {[%clk 1:08:27]} c5 {[%clk 1:24:57]} 16. Rd1
{[%clk 1:07:31]} Nf6 {[%clk 1:23:31]} 17. Rh4 {[%clk 1:07:35]} Rac8
{[%clk 1:21:00]} 18. g4 {[%clk 0:44:57]} h6 {[%clk 0:44:13]} 19. g5
{[%clk 0:38:11]} hxg5 {[%clk 0:44:34]} 20. Nxg5 {[%clk 0:38:34]} Qd5
{[%clk 0:44:28]} 21. Nh7 {[%clk 0:38:50]} cxd4 {[%clk 0:43:47]} 22. c3
{[%clk 0:30:47]} Qxa2 {[%clk 0:41:34]} 23. Qh3 {[%clk 0:28:01]} Nd5
{[%clk 0:36:47]} 24. Ng5 {[%clk 0:20:48]} Kf8 {[%clk 0:36:41]} 25. Nxe6+
{[%clk 0:21:12]} fxe6 {[%clk 0:26:02]} 26. Qxe6 {[%clk 0:21:27]} g6
{[%clk 0:24:59]} 27. Rh7 {[%clk 0:21:39]} 1-0

[Event "World Chess Olympiad 2018"]
[Site "Batumi"]
[Date "2018.09.27"]
[Round "4"]
[Board "1"]
[WhiteFideId "11200243"]
[White "Ayyad Husain"]
[BlackFideId "14204118"]
[Black "Abdusattorov Nodirbek"]
[Result "0-1"]
[LiveChessVersion "1.4.8"]
[BlackElo "2558"]
[WhiteElo "2243"]

1. e4 {[%clk 1:29:36]} c5 {[%clk 1:30:44]} 2. Nf3 {[%clk 1:30:00]} d6
{[%clk 1:31:09]} 3. d4 {[%clk 1:30:17]} Nf6 {[%clk 1:30:56]} 4. Bb5+
{[%clk 1:23:01]} Bd7 {[%clk 1:29:11]} 5. Bxd7+ {[%clk 1:23:17]} Nfxd7
{[%clk 1:29:04]} 6. c4 {[%clk 1:22:48]} g6 {[%clk 1:23:55]} 7. e5
{[%clk 1:15:14]} cxd4 {[%clk 1:17:13]} 8. e6 {[%clk 1:04:39]} fxe6
{[%clk 1:17:06]} 9. Nxd4 {[%clk 1:05:08]} Qc8 {[%clk 1:07:51]} 10. h4
{[%clk 0:47:46]} Qxc4 {[%clk 1:04:32]} 11. Na3 {[%clk 0:48:09]} Qd5
{[%clk 1:02:58]} 12. Nab5 {[%clk 0:48:19]} Na6 {[%clk 1:03:11]} 13. Qe2
{[%clk 0:41:23]} e5 {[%clk 1:01:43]} 14. Nf3 {[%clk 0:40:58]} Ndc5
{[%clk 1:01:22]} 15. Nc3 {[%clk 0:40:44]} Qd3 {[%clk 1:01:39]} 16. h5
{[%clk 0:39:05]} Bg7 {[%clk 1:00:49]} 17. hxg6 {[%clk 0:36:53]} hxg6
{[%clk 1:00:45]} 18. Rxh8+ {[%clk 0:37:18]} Bxh8 {[%clk 1:01:08]} 19. Qxd3
{[%clk 0:37:45]} Nxd3+ {[%clk 1:01:23]} 20. Ke2 {[%clk 0:38:13]} Nxc1+
{[%clk 0:58:46]} 21. Rxc1 {[%clk 0:38:41]} Rc8 {[%clk 0:56:41]} 22. Rh1
{[%clk 0:37:39]} Bf6 {[%clk 0:56:51]} 23. Rh7 {[%clk 0:34:08]} Nc7
{[%clk 0:53:49]} 24. Nh4 {[%clk 0:28:23]} Bxh4 {[%clk 0:53:45]} 25. Rxh4
{[%clk 0:28:51]} Kd7 {[%clk 0:53:00]} 26. Rh7 {[%clk 0:28:39]} d5
{[%clk 0:52:43]} 27. g3 {[%clk 0:26:57]} Rf8 {[%clk 0:52:33]} 28. Rg7
{[%clk 0:26:59]} Rf6 {[%clk 0:52:53]} 29. Rg8 {[%clk 0:26:40]} Rb6
{[%clk 0:51:20]} 30. b3 {[%clk 0:27:01]} Rc6 {[%clk 0:49:29]} 31. Kd2
{[%clk 0:26:14]} Ne8 {[%clk 0:49:48]} 32. Kd3 {[%clk 0:25:36]} e4+
{[%clk 0:49:18]} 33. Kd2 {[%clk 0:25:00]} a6 {[%clk 0:46:12]} 34. Ne2
{[%clk 0:20:45]} e5 {[%clk 0:45:50]} 35. Rh8 {[%clk 0:18:30]} Nf6
{[%clk 0:45:13]} 36. Rb8 {[%clk 0:17:49]} b5 {[%clk 0:44:57]} 37. Ra8
{[%clk 0:17:13]} d4 {[%clk 0:44:59]} 38. a3 {[%clk 0:16:58]} Ng4 {[%clk 0:45:13]}
39. Rf8 {[%clk 0:14:28]} Ke7 {[%clk 0:45:32]} 0-1

[Event "World Chess Olympiad 2018"]
[Site "Batumi"]
[Date "2018.09.27"]
[Round "4"]
[Board "2"]
[WhiteFideId "14203987"]
[White "Yakubboev Nodirbek"]
[BlackFideId "11200057"]
[Black "Al-Ghasra Ali"]
[Result "1-0"]
[LiveChessVersion "1.4.8"]
[BlackElo "2096"]
[WhiteElo "2521"]

1. c4 {[%clk 1:29:53]} Nf6 {[%clk 1:30:19]} 2. Nc3 {[%clk 1:29:25]} e5
{[%clk 1:29:43]} 3. a3 {[%clk 1:27:02]} a5 {[%clk 1:28:15]} 4. Nf3
{[%clk 1:25:27]} Nc6 {[%clk 1:26:30]} 5. d4 {[%clk 1:19:58]} exd4
{[%clk 1:23:12]} 6. Nxd4 {[%clk 1:20:24]} d6 {[%clk 1:21:23]} 7. e4
{[%clk 1:13:41]} Be7 {[%clk 1:18:49]} 8. Be2 {[%clk 1:12:09]} O-O
{[%clk 1:18:21]} 9. Be3 {[%clk 1:10:42]} Bd7 {[%clk 1:15:32]} 10. Ndb5
{[%clk 1:06:56]} Re8 {[%clk 1:08:00]} 11. O-O {[%clk 1:03:07]} Rc8
{[%clk 1:02:10]} 12. Rc1 {[%clk 0:53:56]} Bf8 {[%clk 0:55:29]} 13. f3
{[%clk 0:53:52]} g6 {[%clk 0:39:21]} 14. Qd2 {[%clk 0:51:40]} Ne5
{[%clk 0:37:41]} 15. Nd5 {[%clk 0:51:12]} Nxd5 {[%clk 0:36:17]} 16. cxd5
{[%clk 0:50:14]} Bxb5 {[%clk 0:31:46]} 17. Bxb5 {[%clk 0:50:23]} c6
{[%clk 0:31:56]} 18. dxc6 {[%clk 0:50:20]} Nxc6 {[%clk 0:31:43]} 19. Rc2
{[%clk 0:44:49]} Re5 {[%clk 0:30:21]} 20. Bc4 {[%clk 0:43:04]} Ne7
{[%clk 0:24:15]} 21. Bd4 {[%clk 0:40:02]} Nc6 {[%clk 0:13:02]} 22. Bxe5
{[%clk 0:39:42]} Nxe5 {[%clk 0:13:28]} 23. Ba2 {[%clk 0:35:56]} Rxc2
{[%clk 0:10:02]} 24. Qxc2 {[%clk 0:36:23]} Bh6 {[%clk 0:09:55]} 25. f4
{[%clk 0:29:43]} Nc6 {[%clk 0:05:58]} 26. Bd5 {[%clk 0:28:11]} Qb6+
{[%clk 0:06:02]} 27. Kh1 {[%clk 0:26:38]} Qe3 {[%clk 0:04:40]} 28. Qb3
{[%clk 0:26:31]} Qe2 {[%clk 0:03:25]} 29. Bxf7+ {[%clk 0:26:45]} Kf8
{[%clk 0:03:07]} 30. Bc4 {[%clk 0:26:55]} Qxe4 {[%clk 0:03:23]} 31. f5
{[%clk 0:26:53]} g5 {[%clk 0:03:30]} 32. Qh3 {[%clk 0:26:42]} Qxc4
{[%clk 0:01:41]} 33. Qxh6+ {[%clk 0:27:07]} Kf7 {[%clk 0:00:47]} 34. Qxh7+
{[%clk 0:27:06]} Kf8 {[%clk 0:01:02]} 35. Qh6+ {[%clk 0:27:10]} Kf7
{[%clk 0:01:27]} 36. Qg6+ {[%clk 0:27:29]} 1-0

[Event "World Chess Olympiad 2018"]
[Site "Batumi"]
[Date "2018.09.27"]
[Round "4"]
[Board "3"]
[WhiteFideId "11200596"]
[White "Bukhalaf Khalil"]
[BlackFideId "14200287"]
[Black "Khoroshev Nikita"]
[Result "0-1"]
[LiveChessVersion "1.4.8"]
[BlackElo "2416"]
[WhiteElo "1914"]

1. c4 {[%clk 1:29:56]} Nf6 {[%clk 1:30:02]} 2. Nc3 {[%clk 1:29:24]} c5
{[%clk 1:30:02]} 3. g3 {[%clk 1:29:33]} d5 {[%clk 1:30:05]} 4. cxd5
{[%clk 1:29:47]} Nxd5 {[%clk 1:30:30]} 5. Bg2 {[%clk 1:30:15]} Nc7
{[%clk 1:30:48]} 6. d3 {[%clk 1:11:33]} e5 {[%clk 1:29:26]} 7. Nf3
{[%clk 1:11:05]} Nc6 {[%clk 1:29:49]} 8. O-O {[%clk 1:08:57]} Be7
{[%clk 1:30:15]} 9. a3 {[%clk 1:07:03]} O-O {[%clk 1:30:31]} 10. Rb1
{[%clk 0:59:42]} Be6 {[%clk 1:26:05]} 11. Be3 {[%clk 0:54:27]} f6
{[%clk 1:15:27]} 12. Nd2 {[%clk 0:30:56]} Qd7 {[%clk 1:10:45]} 13. Qa4
{[%clk 0:28:23]} Nd5 {[%clk 1:01:12]} 14. Nxd5 {[%clk 0:26:22]} Bxd5
{[%clk 1:01:35]} 15. Rfc1 {[%clk 0:15:35]} Bxg2 {[%clk 0:58:43]} 16. Kxg2
{[%clk 0:15:37]} Qd5+ {[%clk 0:59:11]} 17. Qe4 {[%clk 0:15:44]} Rfd8
{[%clk 0:58:11]} 18. Qxd5+ {[%clk 0:07:02]} Rxd5 {[%clk 0:58:40]} 19. Rc2
{[%clk 0:07:10]} Nd8 {[%clk 0:50:53]} 20. Ne4 {[%clk 0:06:27]} Ne6
{[%clk 0:51:07]} 21. Rbc1 {[%clk 0:06:19]} b6 {[%clk 0:51:05]} 22. f3
{[%clk 0:04:32]} Kf7 {[%clk 0:46:36]} 23. Nd2 {[%clk 0:02:14]} g6
{[%clk 0:40:34]} 24. Rf1 {[%clk 0:02:35]} Re8 {[%clk 0:40:04]} 25. Rc4
{[%clk 0:02:25]} Bf8 {[%clk 0:32:24]} 26. Ra1 {[%clk 0:02:41]} f5
{[%clk 0:20:03]} 27. Ra4 {[%clk 0:02:58]} Rd7 {[%clk 0:20:15]} 28. Rc4
{[%clk 0:03:12]} Nd4 {[%clk 0:10:37]} 29. Bxd4 {[%clk 0:03:09]} exd4
{[%clk 0:11:06]} 30. Re1 {[%clk 0:01:52]} b5 {[%clk 0:08:23]} 31. Rc2
{[%clk 0:02:19]} c4 {[%clk 0:07:57]} 32. Kf1 {[%clk 0:00:40]} Rde7
{[%clk 0:07:22]} 33. Nb1 {[%clk 0:00:33]} cxd3 {[%clk 0:07:43]} 34. Rd2
{[%clk 0:01:02]} dxe2+ {[%clk 0:07:51]} 35. Rdxe2 {[%clk 0:01:18]} Rxe2
{[%clk 0:08:03]} 36. Rxe2 {[%clk 0:01:32]} Rc8 {[%clk 0:08:33]} 37. Nd2
{[%clk 0:01:24]} Rc1+ {[%clk 0:08:06]} 38. Re1 {[%clk 0:00:37]} Rc2
{[%clk 0:08:20]} 39. Nb3 {[%clk 0:00:46]} Rxb2 {[%clk 0:07:52]} 40. Nxd4
{[%clk 0:31:12]} Bxa3 {[%clk 0:38:14]} 41. Nc6 {[%clk 0:27:56]} Rxh2
{[%clk 0:36:34]} 0-1

[Event "World Chess Olympiad 2018"]
[Site "Batumi"]
[Date "2018.09.27"]
[Round "4"]
[Board "4"]
[WhiteFideId "14200104"]
[White "Iuldachev Saidali"]
[BlackFideId "11200545"]
[Black "Abbas Ali"]
[Result "1-0"]
[LiveChessVersion "1.4.8"]
[BlackElo "1912"]
[WhiteElo "2445"]

1. e4 {[%clk 1:30:57]} d6 {[%clk 1:30:40]} 2. d4 {[%clk 1:31:21]} c6
{[%clk 1:31:01]} 3. Nf3 {[%clk 1:31:20]} g6 {[%clk 1:31:14]} 4. Bc4
{[%clk 1:30:26]} Nf6 {[%clk 1:31:17]} 5. e5 {[%clk 1:28:36]} dxe5
{[%clk 1:29:59]} 6. Nxe5 {[%clk 1:28:57]} Nd5 {[%clk 1:28:09]} 7. h4
{[%clk 1:22:40]} Nd7 {[%clk 1:27:00]} 8. Nxd7 {[%clk 1:18:41]} Bxd7
{[%clk 1:26:54]} 9. h5 {[%clk 1:18:53]} Bg7 {[%clk 1:26:24]} 10. c3
{[%clk 1:16:07]} Be6 {[%clk 1:20:00]} 11. Nd2 {[%clk 1:15:15]} Qc7
{[%clk 1:17:41]} 12. Qf3 {[%clk 1:14:08]} O-O-O {[%clk 1:15:05]} 13. Ne4
{[%clk 1:13:52]} b6 {[%clk 1:13:14]} 14. Ng5 {[%clk 1:12:10]} Qd7
{[%clk 1:04:17]} 15. Nxe6 {[%clk 1:08:00]} Qxe6+ {[%clk 1:03:36]} 16. Qe2
{[%clk 1:07:39]} Qxe2+ {[%clk 0:59:06]} 17. Kxe2 {[%clk 1:06:36]} e5
{[%clk 0:59:11]} 18. dxe5 {[%clk 1:03:05]} Bxe5 {[%clk 0:59:25]} 19. g3
{[%clk 1:01:06]} Rhe8 {[%clk 0:58:20]} 20. Kf3 {[%clk 0:57:56]} f5
{[%clk 0:56:10]} 21. hxg6 {[%clk 0:56:25]} hxg6 {[%clk 0:56:15]} 22. Bg5
{[%clk 0:53:52]} Rd6 {[%clk 0:49:13]} 23. Rae1 {[%clk 0:51:11]} Rde6
{[%clk 0:48:18]} 24. Rh7 {[%clk 0:46:17]} Kb8 {[%clk 0:41:36]} 25. Rd7
{[%clk 0:46:10]} Bd6 {[%clk 0:40:14]} 26. Rd8+ {[%clk 0:41:27]} Rxd8
{[%clk 0:39:14]} 27. Rxe6 {[%clk 0:41:51]} Rd7 {[%clk 0:39:20]} 28. Rxg6
{[%clk 0:41:36]} Kc7 {[%clk 0:37:49]} 29. Bxd5 {[%clk 0:37:08]} cxd5
{[%clk 0:38:01]} 30. Rf6 {[%clk 0:37:29]} Bc5 {[%clk 0:36:57]} 31. Rxf5
{[%clk 0:37:18]} d4 {[%clk 0:37:15]} 32. cxd4 {[%clk 0:37:24]} Bxd4
{[%clk 0:37:06]} 33. b3 {[%clk 0:37:29]} Kc6 {[%clk 0:36:28]} 34. g4
{[%clk 0:36:18]} Bc5 {[%clk 0:36:34]} 35. Be3 {[%clk 0:34:42]} Rd1
{[%clk 0:36:04]} 36. g5 {[%clk 0:34:44]} Ra1 {[%clk 0:36:07]} 37. g6
{[%clk 0:33:52]} Bxe3 {[%clk 0:36:11]} 38. Kxe3 {[%clk 0:34:03]} Rg1
{[%clk 0:35:40]} 39. Rf6+ {[%clk 0:34:25]} Kb5 {[%clk 0:35:48]} 40. a3
{[%clk 1:04:21]} a5 {[%clk 1:05:33]} 41. f4 {[%clk 1:02:51]} Rg3+
{[%clk 1:05:00]} 42. Kf2 {[%clk 1:02:07]} Rxb3 {[%clk 1:04:52]} 43. g7
{[%clk 1:01:41]} Rb2+ {[%clk 1:03:32]} 44. Kf3 {[%clk 1:02:01]} Ka4
{[%clk 1:03:29]} 45. g8=Q {[%clk 1:02:06]} Kxa3 {[%clk 1:03:41]} 46. Qd8
{[%clk 1:01:40]} 1-0

[Event "World Chess Olympiad 2018"]
[Site "Batumi"]
[Date "2018.09.27"]
[Round "4"]
[Board "1"]
[WhiteFideId "10100792"]
[White "Miguel Sergio"]
[BlackFideId "7300069"]
[Black "Reyes Najera Carlos A."]
[Result "1/2-1/2"]
[LiveChessVersion "1.4.8"]
[BlackElo "2149"]
[WhiteElo "2285"]

1. e4 {[%clk 1:30:37]} c5 {[%clk 1:30:52]} 2. Nf3 {[%clk 1:31:01]} e6
{[%clk 1:31:20]} 3. d4 {[%clk 1:31:16]} cxd4 {[%clk 1:31:41]} 4. Nxd4
{[%clk 1:31:45]} Nf6 {[%clk 1:28:09]} 5. Nc3 {[%clk 1:32:01]} d6 {[%clk 1:28:34]}
6. g4 {[%clk 1:29:28]} h6 {[%clk 1:22:46]} 7. h4 {[%clk 1:28:47]} Nc6
{[%clk 1:22:54]} 8. Be3 {[%clk 1:27:31]} Nxd4 {[%clk 1:15:40]} 9. Bxd4
{[%clk 1:27:53]} e5 {[%clk 1:16:07]} 10. Be3 {[%clk 1:27:53]} Bxg4
{[%clk 1:16:25]} 11. f3 {[%clk 1:28:08]} Be6 {[%clk 1:12:42]} 12. Qd2
{[%clk 1:25:55]} a6 {[%clk 1:12:31]} 13. O-O-O {[%clk 1:24:03]} Qa5
{[%clk 1:11:03]} 14. Kb1 {[%clk 1:22:34]} Rc8 {[%clk 1:10:53]} 15. Bh3
{[%clk 1:16:52]} Bxh3 {[%clk 1:00:48]} 16. Rxh3 {[%clk 1:17:13]} b5
{[%clk 1:00:19]} 17. a3 {[%clk 1:15:27]} Qc7 {[%clk 0:56:32]} 18. f4
{[%clk 1:14:05]} Rb8 {[%clk 0:54:13]} 19. Rf3 {[%clk 1:11:52]} Be7
{[%clk 0:40:39]} 20. Rg1 {[%clk 1:03:28]} Qb7 {[%clk 0:35:45]} 21. fxe5
{[%clk 1:02:03]} dxe5 {[%clk 0:32:54]} 22. Rxg7 {[%clk 0:58:48]} b4
{[%clk 0:32:19]} 23. axb4 {[%clk 0:58:39]} Qxb4 {[%clk 0:32:28]} 24. b3
{[%clk 0:51:39]} Nxe4 {[%clk 0:28:33]} 25. Nxe4 {[%clk 0:46:43]} Qxe4
{[%clk 0:28:44]} 26. Rfxf7 {[%clk 0:46:30]} Rxb3+ {[%clk 0:29:02]} 27. Kc1
{[%clk 0:46:42]} Ba3+ {[%clk 0:25:02]} 28. Kd1 {[%clk 0:47:08]} Rb1+
{[%clk 0:25:02]} 29. Ke2 {[%clk 0:47:09]} Qc4+ {[%clk 0:25:30]} 30. Qd3
{[%clk 0:47:05]} Qxd3+ {[%clk 0:23:37]} 31. Kxd3 {[%clk 0:42:51]} Bf8
{[%clk 0:23:49]} 32. Rb7 {[%clk 0:37:45]} Rd1+ {[%clk 0:23:31]} 33. Ke2
{[%clk 0:38:14]} Bxg7 {[%clk 0:23:53]} 34. Kxd1 {[%clk 0:38:35]} O-O
{[%clk 0:22:01]} 35. Ra7 {[%clk 0:35:56]} Rf6 {[%clk 0:14:09]} 36. Ke2
{[%clk 0:35:41]} Rc6 {[%clk 0:13:27]} 37. Kd3 {[%clk 0:34:03]} e4+
{[%clk 0:13:50]} 38. Kxe4 {[%clk 0:34:31]} Rxc2 {[%clk 0:14:12]} 39. Rxa6
{[%clk 0:32:02]} Rc4+ {[%clk 0:14:35]} 40. Kf5 {[%clk 1:01:53]} Rxh4
{[%clk 0:44:39]} 41. Bf4 {[%clk 0:58:23]} Kh7 {[%clk 0:37:50]} 42. Ra7
{[%clk 0:58:32]} Rh5+ {[%clk 0:38:04]} 43. Kg4 {[%clk 0:58:29]} Rd5
{[%clk 0:37:54]} 44. Rb7 {[%clk 0:57:47]} h5+ {[%clk 0:38:00]} 45. Kh4
{[%clk 0:57:04]} Kg6 {[%clk 0:38:10]} 46. Rb6+ {[%clk 0:56:41]} Bf6+
{[%clk 0:38:20]} 47. Kh3 {[%clk 0:55:58]} Rd3+ {[%clk 0:38:35]} 48. Kg2
{[%clk 0:55:49]} Kf5 {[%clk 0:38:24]} 49. Bg3 {[%clk 0:54:17]} h4
{[%clk 0:34:27]} 50. Rb5+ {[%clk 0:53:54]} Kg6 {[%clk 0:28:15]} 51. Bf4
{[%clk 0:51:49]} Rc3 {[%clk 0:25:33]} 52. Be5 {[%clk 0:51:23]} Rc2+
{[%clk 0:24:55]} 53. Kh3 {[%clk 0:51:33]} Bg5 {[%clk 0:24:54]} 54. Rb3
{[%clk 0:51:44]} Kh5 {[%clk 0:24:53]} 55. Rf3 {[%clk 0:51:47]} Rc8
{[%clk 0:22:36]} 56. Bf6 {[%clk 0:50:51]} Rf8 {[%clk 0:22:51]} 57. Rf5
{[%clk 0:51:19]} Rxf6 {[%clk 0:22:46]} 58. Rxf6 {[%clk 0:51:48]} Bxf6
{[%clk 0:23:02]} 59. Kg2 {[%clk 0:52:10]} Kg4 {[%clk 0:23:26]} 60. Kh1
{[%clk 0:52:18]} Be5 {[%clk 0:22:09]} 1/2-1/2

[Event "World Chess Olympiad 2018"]
[Site "Batumi"]
[Date "2018.09.27"]
[Round "4"]
[Board "2"]
[WhiteFideId "7300662"]
[White "Cu Hor Winston Darwin"]
[BlackFideId "10100091"]
[Black "Soares Erikson Roberto Mauricio"]
[Result "1-0"]
[LiveChessVersion "1.4.8"]
[BlackElo "2283"]
[WhiteElo "2319"]

1. Nf3 {[%clk 1:30:55]} d5 {[%clk 1:30:55]} 2. c4 {[%clk 1:30:54]} e6
{[%clk 1:31:20]} 3. g3 {[%clk 1:31:18]} Nf6 {[%clk 1:31:38]} 4. Bg2
{[%clk 1:31:39]} c6 {[%clk 1:31:32]} 5. b3 {[%clk 1:32:01]} Bd6 {[%clk 1:31:43]}
6. O-O {[%clk 1:32:20]} O-O {[%clk 1:31:56]} 7. Bb2 {[%clk 1:32:12]} Nbd7
{[%clk 1:32:19]} 8. Nc3 {[%clk 1:32:10]} a6 {[%clk 1:28:59]} 9. d3
{[%clk 1:31:44]} b5 {[%clk 1:28:35]} 10. e4 {[%clk 1:30:40]} dxe4
{[%clk 1:25:01]} 11. Nxe4 {[%clk 1:29:06]} Nxe4 {[%clk 1:14:35]} 12. dxe4
{[%clk 1:28:32]} Qc7 {[%clk 1:10:31]} 13. Rc1 {[%clk 1:24:08]} e5
{[%clk 1:02:15]} 14. Rc2 {[%clk 1:12:44]} Rd8 {[%clk 0:55:09]} 15. Rd2
{[%clk 1:06:39]} Bb4 {[%clk 0:52:06]} 16. Bxe5 {[%clk 1:05:42]} Qa5
{[%clk 0:53:03]} 17. Rd3 {[%clk 1:05:27]} bxc4 {[%clk 0:53:29]} 18. bxc4
{[%clk 1:05:40]} Re8 {[%clk 0:50:18]} 19. Rxd7 {[%clk 1:03:20]} Bxd7
{[%clk 0:50:39]} 20. Qxd7 {[%clk 1:03:42]} Qxa2 {[%clk 0:51:00]} 21. Ng5
{[%clk 0:44:02]} Qxc4 {[%clk 0:35:29]} 22. Qf5 {[%clk 0:43:24]} g6
{[%clk 0:32:45]} 23. Qf6 {[%clk 0:42:37]} Rxe5 {[%clk 0:33:09]} 24. Qxe5
{[%clk 0:43:02]} a5 {[%clk 0:31:11]} 25. Rd1 {[%clk 0:39:20]} h6 {[%clk 0:29:16]}
26. Nf3 {[%clk 0:29:20]} a4 {[%clk 0:29:31]} 27. Bf1 {[%clk 0:27:08]} Qb3
{[%clk 0:20:07]} 28. Rd3 {[%clk 0:27:00]} Qb1 {[%clk 0:17:01]} 29. Qf6
{[%clk 0:24:08]} Rf8 {[%clk 0:15:23]} 30. Ne5 {[%clk 0:24:00]} Qa2
{[%clk 0:07:49]} 31. Rf3 {[%clk 0:21:22]} Qa1 {[%clk 0:07:22]} 32. Nxc6
{[%clk 0:15:22]} Qxf6 {[%clk 0:07:03]} 33. Rxf6 {[%clk 0:15:51]} Bc5
{[%clk 0:04:54]} 34. Na5 {[%clk 0:14:24]} Ra8 {[%clk 0:04:48]} 35. Ra6
{[%clk 0:14:44]} Rb8 {[%clk 0:04:16]} 36. Nc4 {[%clk 0:14:11]} a3
{[%clk 0:04:38]} 37. Ra5 {[%clk 0:13:29]} Rb1 {[%clk 0:02:47]} 38. Nxa3
{[%clk 0:13:34]} Rc1 {[%clk 0:02:08]} 39. Nc4 {[%clk 0:13:22]} 1-0